Mujeres indígenas /

Guardado en:
Autor Corporativo: Inter-American Commission on Human Rights.
Formato: Libro
Idioma:Spanish
Publicado: [Sl] : Organización de los Estados Americanos, 2015.
Series:OAS. Documentos oficiales ; OEA/Ser.L/V/II
Materias:
Etiquetas: Agregar Etiqueta
Sin Etiquetas, Sea el primero en etiquetar este registro!
LEADER 00727nam a22001815a 4500
001 DER.der013737
005 20190312115711.0
008 181106s2015####ag############000#0#spa#d
020 |a 9780827066588 
110 1 0 |a Inter-American Commission on Human Rights. 
245 1 0 |a Mujeres indígenas /  |c Comisión Interamericana de Derechos Humanos. 
246 1 |a Las mujeres indígenas y sus derechos humanos en las Américas 
260 |a [Sl] :  |b Organización de los Estados Americanos,  |c 2015. 
300 |a 153 p. ;  |c 17,5 x 25 cm. 
490 1 0 |a OAS. Documentos oficiales ; OEA/Ser.L/V/II 
505 0 |a http://www.oas.org/es/cidh/informes/pdfs/MujeresIndigenas.pdf 
653 |a DERECHOS HUMANOS 
859 |a DERECHO  |b BIB. DERECHO  |h 323  |i COM  |k 7  |p 008800